000 00535nam a2200205Ia 4500
005 20250508165449.0
008 008 250505s9999 xx 000 0 hin d
020 _a978-93-5072-584-9
037 _aTextual
040 _aFEDL
_beng
_cFEDL
041 _ahin
_2hin
084 _a891.433, SET
_qFEDL
100 _aSeth Rajee
245 0 _aJahan se ujas
260 _aNew Delhi, India
_bVani Prakashan
_c2013
300 _a147p.
365 _aINR
_b250
942 _cTEXL
_h891.433, SET
999 _c1395245
_d1395245